000 02635cam a2200253 4500500
005 20260329010333.0
041 _afre
042 _adc
100 1 0 _aBisanti, Elisa
_eauthor
245 0 0 _aIl Menone e il Fedone platonici tradotti da Henricus Aristippus. Introduzione ed edizione di annotazioni e glosse
260 _c2026.
500 _a78
520 _aL’articolo fornisce un’edizione delle annotazioni e delle glosse al Menone e al Fedone tradotti in latino da Enrico Aristippo tra il 1154 e il 1160. Partendo da un processo di categorizzazione delle varie tipologie di annotazioni e glosse, si esaminerà il ruolo di mediazione che le stesse hanno assunto tra i loro autori e i due dialoghi platonici in questione, ponendo in risalto gli argomenti della filosofia platonica che più hanno suscitato l’interesse dei lettori, al fine di comprendere le motivazioni sottese alla più scarsa circolazione (rispetto al Timeo) del Fedone e del Menone latini.
520 _aL’article fournit une édition des annotations et des gloses du Ménon et du Phédon traduits du grec en latin par Henri Aristippe entre 1154 et 1160. Après avoir distingué les différents types d’annotations et de gloses, on examinera le rôle de médiation qu’elles ont joué entre leurs auteurs et les deux dialogues platoniciens, en mettant l’accent sur les thèmes de la philosophie platonicienne qui ont le plus attiré l’intérêt des lecteurs, afin de mieux saisir les raisons de la diffusion restreinte (par rapport au Timée) de la traduction latine du Phédon et du Ménon.
520 _aThe article provides an edition of the annotations and glosses to the Meno and the Phaedo translated from Greek into Latin by Henry Aristippus between 1154 and 1160. Starting from a process of categorization of the various types of annotations and glosses, the document will examine the role of mediation that the same have assumed between their authors and the two concerned platonic dialogues, focusing on the topics of the platonic philosophy that most attracted the interest of readers, in order to understand the reasons behind the lower circulation (compared to the Timeaus) of the Latin Phaedo and Meno.
690 _aannotations
690 _agloses
690 _aHenri Aristippe
690 _amédiation
690 _aMénon
690 _aPhédon
786 0 _nArchives d'histoire doctrinale et littéraire du Moyen Âge | 91 | 1 | 2026-02-05 | p. 121-241 | 0373-5478
856 4 1 _uhttps://shs.cairn.info/revue-archives-dhistoire-doctrinale-et-litteraire-du-moyen-age-2026-1-page-121?lang=fr&redirect-ssocas=7080
999 _c1851739
_d1851739